Grandma Got Run Over By a Reindeer! Quiz Stats

 Plays Quiz not verified by Sporcle

Score 0/25 Timer 02:30
1 Play Today
% Correct
a) Grandma
97.8%
c) Walking
90.1%
c) Eggnog
90.1%
b) Santa
88.7%
b) Grandpa
83.7%
b) Christmas
81.5%
a) Medication
77.3%
b) Black
75.3%
c) Football
72.3%
c) Send them back
67.7%
a) Wonder
66.2%
b) Sleigh
65.4%
b) Wig
65%
% Correct
b) Friends/Neighbors
61.7%
c) License
55%
a) Snow
53.9%
b) Grandpa
53.4%
a) Elves
52.4%
a) Attack
51.6%
a) Fig
51.4%
a) Yourselves
48.2%
b) Goose
44.7%
a) Rootbeer
44%
c) Claus
30.8%
c) Blue/Silver
25%

You're not logged in!

Compare scores with friends on all Sporcle quizzes.
OR
Log In

Show Comments

Extras

Top Quizzes Today


Score Distribution

Your Account Isn't Verified!

In order to create a playlist on Sporcle, you need to verify the email address you used during registration. Go to your Sporcle Settings to finish the process.

Report this User

Report this user for behavior that violates our Community Guidelines.

Details: